| 000 | 00497nam a2200217Ia 4500 | ||
|---|---|---|---|
| 003 | OSt | ||
| 005 | 20220928104150.0 | ||
| 006 | a|||||r|||| 00| 0 | ||
| 007 | ta | ||
| 008 | 220927b |||||||| |||| 00| 0 eng d | ||
| 024 | _a27367 | ||
| 037 | _cTextual | ||
| 040 |
_aSDCL _cSDCL _beng |
||
| 041 |
_2eng _aeng |
||
| 082 | _aQ141:24, G2 | ||
| 245 | 0 | _aPrashanopanishad. | |
| 260 | _c1932 | ||
| 300 |
_a26p. _ccm. |
||
| 942 |
_hQ141:24, G2 _cTEXL _2CC |
||
| 999 |
_c724937 _d724937 |
||